[Event "XXVII Open Eporediese"]
[Site "Ivrea ITA"]
[Date "2010.02.24"]
[Round "5"]
[White "Allegro, Mattia"]
[Black "Rocchi, Enrico"]
[Result "0-1"]
[WhiteElo "1879"]
[BlackElo "1763"]
[PlyCount "66"]
[EventDate "2010.01.21"]

1. e4 e5 2. Nf3 Nc6 3. Bc4 Nf6 4. Ng5 d5 5. exd5 Na5 6. Bb5+ c6 7. dxc6 bxc6 8.
Be2 h6 9. Nf3 e4 10. Ne5 Bd6 11. d4 exd3 12. Nxd3 O-O 13. O-O Qc7 14. h3 Re8
15. b3 Bf5 16. Bb2 Ne4 17. Nd2 Rad8 18. Nxe4 Bxe4 19. Bf3 c5 20. Bxe4 Rxe4 21.
Qf3 Re6 22. c4 Nc6 23. Rfe1 Rxe1+ 24. Rxe1 Nd4 25. Qg4 Bf8 26. Nf4 f5 27. Qg3
g5 28. Nh5 Qf7 29. Nf4 Bd6 30. Bc1 Kh7 31. h4 gxf4 32. Bxf4 Rg8 33. Qe3 Nc2 0-1

[Event "XXVII Open Eporediese"]
[Site "Ivrea ITA"]
[Date "2010.02.24"]
[Round "5"]
[White "Bruno, Fabrizio P."]
[Black "Chiarotto, Filippo"]
[Result "1/2-1/2"]
[WhiteElo "1965"]
[BlackElo "2073"]
[PlyCount "91"]
[EventDate "2010.01.21"]

1. e4 c5 2. Nc3 a6 3. f4 e6 4. Nf3 d5 5. e5 Nc6 6. d4 Nge7 7. Bd3 Nxd4 8. Nxd4
cxd4 9. Ne2 Nc6 10. O-O Qb6 11. a3 Bd7 12. Qe1 O-O-O 13. b4 f6 14. Ng3 Be7 15.
Bd2 Rdf8 16. Rb1 fxe5 17. fxe5 Rxf1+ 18. Nxf1 Qc7 19. Bf4 g5 20. Bg3 h5 21. h3
Rf8 22. a4 h4 23. Bh2 a5 24. bxa5 Nxa5 25. Nd2 Qc3 26. Qd1 Nc4 27. Nf3 Bxa4 28.
Kh1 Ne3 29. Qe2 g4 30. hxg4 Nxg4 31. Bg1 Rf4 32. Rb6 Bc6 33. Rb3 Qa1 34. Qd2
Ne3 35. Kh2 Rg4 36. Bxe3 dxe3 37. Qxe3 d4 38. Qe2 Qc1 39. Bc4 Qf4+ 40. Kh1 Kd7
41. Bb5 h3 42. Bxc6+ bxc6 43. gxh3 Rg3 44. Qf1 Qe4 45. Rd3 c5 46. Kh2 1/2-1/2

[Event "XXVII Open Eporediese"]
[Site "Ivrea ITA"]
[Date "2010.02.24"]
[Round "5"]
[White "Castaldo, Antonio"]
[Black "Bogatto, Mario"]
[Result "1/2-1/2"]
[WhiteElo "1698"]
[BlackElo "1451"]
[PlyCount "84"]
[EventDate "2010.01.21"]

1. e4 c5 2. Nf3 a6 3. g3 d6 4. Bg2 Nc6 5. O-O Nf6 6. d3 g6 7. Bg5 h6 8. Bxf6
exf6 9. Nc3 Be6 10. Re1 Qc7 11. Nd5 Qd8 12. Nh4 Bg7 13. Nf5 Kf8 14. Nxg7 Kxg7
15. Ne3 Qd7 16. f4 Qc7 17. f5 Bd7 18. Nc4 b5 19. Ne3 Rae8 20. g4 g5 21. c3 Ne7
22. a3 Bc6 23. Nf1 d5 24. Ng3 Ng8 25. exd5 Rxe1+ 26. Qxe1 Bd7 27. Ne4 c4 28. d4
Qf4 29. Qe2 Qb8 30. Nc5 Qc8 31. Re1 Kf8 32. Qf3 h5 33. h3 hxg4 34. hxg4 Rh4 35.
d6 Nh6 36. Re4 Kg7 37. Qg3 Bc6 38. d7 Bxd7 39. Nxd7 Qxd7 40. Bf3 Qd8 41. Qe1
Qc7 42. Qe2 Qg3+ 1/2-1/2

[Event "XXVII Open Eporediese"]
[Site "Ivrea ITA"]
[Date "2010.02.23"]
[Round "5"]
[White "Giunto, Andrea"]
[Black "Trotto, Pierangelo"]
[Result "0-1"]
[WhiteElo "1934"]
[BlackElo "1904"]
[PlyCount "112"]
[EventDate "2010.01.21"]

1. e4 c5 2. Nf3 d6 3. d4 cxd4 4. Nxd4 Nf6 5. Nc3 a6 6. Bg5 e6 7. Bc4 Qc7 8. Bb3
Nc6 9. O-O Be7 10. Qd2 O-O 11. Kh1 Bd7 12. f4 Nxd4 13. Qxd4 Rac8 14. Rad1 Rfd8
15. e5 dxe5 16. fxe5 Be8 17. Qf4 Nh5 18. Qh4 Bxg5 19. Qxg5 g6 20. Ne4 Rxd1 21.
Rxd1 b5 22. Nf6+ Nxf6 23. exf6 Qc5 24. Qh6 Qf8 25. Qxf8+ Kxf8 26. h3 a5 27. c3
a4 28. Bc2 b4 29. Rd3 Bb5 30. Rd2 bxc3 31. bxc3 Ke8 32. Bd3 Bd7 33. Rc2 e5 34.
g4 h6 35. c4 Bc6+ 36. Kh2 Kd7 37. h4 Ke6 38. Rf2 Rd8 39. Bf1 Rd4 40. Kg3 g5 41.
a3 Rf4 42. hxg5 hxg5 43. Rxf4 exf4+ 44. Kf2 Kxf6 45. Ke2 Ke5 46. Kd3 Bf3 47.
Kc3 Bxg4 48. c5 Bd7 49. Bg2 g4 50. c6 Bc8 51. c7 f3 52. Bf1 Kd6 53. Kd3 Kxc7
54. Ke3 Kd6 55. Bb5 Bd7 56. Bc4 f6 0-1

[Event "XXVII Open Eporediese"]
[Site "Ivrea ITA"]
[Date "2010.02.24"]
[Round "5"]
[White "Paonessa, Denis"]
[Black "Avetta, Roberto"]
[Result "1-0"]
[WhiteElo "1908"]
[BlackElo "1711"]
[PlyCount "89"]
[EventDate "2010.01.21"]

1. d4 d5 2. c4 e6 3. Nc3 Be7 4. Nf3 Nc6 5. cxd5 exd5 6. Bf4 a6 7. e3 Nf6 8. Bd3
O-O 9. O-O Bd6 10. Bg5 Be7 11. Rc1 Ng4 12. Bxe7 Nxe7 13. Qc2 f5 14. Ne5 Nxe5
15. dxe5 Be6 16. f4 c6 17. Rf3 d4 18. exd4 Qxd4+ 19. Qf2 Rad8 20. Qxd4 Rxd4 21.
Ne2 Rd7 22. Nc3 Rfd8 23. Rd1 Nd5 24. Nxd5 Rxd5 25. Kf2 Rd4 26. a3 Bd5 27. Ke3
Kf8 28. Rf2 Bc4 29. Rfd2 Bxd3 30. Rxd3 Re4+ 31. Kf3 Rxd3+ 32. Rxd3 Ke7 33. g4
g6 34. gxf5 gxf5 35. Rd6 Re1 36. Rh6 Rf1+ 37. Kg3 Rg1+ 38. Kf2 Rg7 39. Rf6 Rf7
40. Rxf7+ Kxf7 41. Ke3 c5 42. Kd3 Ke6 43. Kc4 b6 44. a4 h6 45. a5 1-0

[Event "XXVII Open Eporediese"]
[Site "Ivrea ITA"]
[Date "2010.02.24"]
[Round "5"]
[White "Ranieri, Fabrizio"]
[Black "Caresana, Alessandro"]
[Result "1-0"]
[WhiteElo "2285"]
[BlackElo "1994"]
[PlyCount "109"]
[EventDate "2010.01.21"]

1. e4 e5 2. Bc4 Nc6 3. d3 Bc5 4. Nf3 Nf6 5. Nc3 a6 6. a3 d6 7. Bg5 h6 8. Be3
Bxe3 9. fxe3 Qe7 10. O-O Be6 11. Bd5 Nd8 12. Qe1 c6 13. Bxe6 Nxe6 14. d4 Nd7
15. Qg3 Ng5 16. Nd2 O-O 17. Rf5 Rae8 18. Raf1 f6 19. h4 Nf7 20. Nf3 b5 21. Qg4
a5 22. d5 b4 23. axb4 axb4 24. Ne2 cxd5 25. exd5 Rc8 26. Ne1 Rc5 27. c4 bxc3
28. Nxc3 Nd8 29. Nd3 Rc8 30. R5f2 Nb7 31. Nb4 Na5 32. Ra1 Rc4 33. Nc6 Qf7 34.
Qe2 Rxc3 35. bxc3 Nb3 36. Ra7 Nbc5 37. c4 Kh7 38. Rf1 Qg6 39. Ne7 Qe4 40. Qf3
Qxf3 41. gxf3 f5 42. Rb1 Rf7 43. Nc8 Rf6 44. Rc7 Rg6+ 45. Kh2 f4 46. e4 h5 47.
Rg1 Rf6 48. Rc6 Nb3 49. Rxd6 Rxd6 50. Nxd6 Nd2 51. Kg2 Nc5 52. Rd1 Ndb3 53. Nf7
Nd7 54. d6 Nbc5 55. Rd5 1-0

[Event "XXVII Open Eporediese"]
[Site "Ivrea ITA"]
[Date "2010.02.24"]
[Round "5"]
[White "Renzini, Lorenzo"]
[Black "Bellafiore, Enzo"]
[Result "0-1"]
[WhiteElo "1746"]
[BlackElo "1827"]
[PlyCount "108"]
[EventDate "2010.01.21"]

1. c4 e5 2. Nc3 Bb4 3. Nd5 Bc5 4. e3 c6 5. Nc3 d6 6. Nge2 Nf6 7. d4 exd4 8.
Nxd4 O-O 9. Be2 Nbd7 10. O-O Ne5 11. b3 Re8 12. Nf3 Bf5 13. Bb2 Qc7 14. Na4
Rad8 15. Qc1 Nfd7 16. Nxe5 dxe5 17. Nxc5 Nxc5 18. Rd1 Bd3 19. Bxd3 Rxd3 20.
Rxd3 Nxd3 21. Qc3 Rd8 22. g3 f6 23. Kf1 Qc8 24. Kg2 e4 25. Qc2 Qf5 26. Qe2 Qf3+
27. Qxf3 exf3+ 28. Kxf3 Nxb2 29. Rb1 Rd2 30. e4 Nd1 31. g4 Rxf2+ 32. Kg3 Rd2
33. h4 Nc3 34. Ra1 Nxe4+ 35. Kf3 Nd6 36. Ke3 Rb2 37. Kf4 Kf7 38. Ke3 g6 39. Kd4
b6 40. Kc3 Rh2 41. Rd1 Ke6 42. Re1+ Kf7 43. Rd1 Ke7 44. Re1+ Kd7 45. g5 f5 46.
a3 c5 47. Rd1 Rxh4 48. b4 Rxc4+ 49. Kb3 Rh4 50. bxc5 bxc5 51. Rd5 Kc6 52. Re5
a5 53. Re7 a4+ 54. Ka2 c4 0-1

[Event "XXVII Open Eporediese"]
[Site "Ivrea ITA"]
[Date "2010.02.25"]
[Round "6"]
[White "Agostino, Pietro"]
[Black "Avetta, Roberto"]
[Result "0-1"]
[WhiteElo "1576"]
[BlackElo "1711"]
[PlyCount "50"]
[EventDate "2010.01.21"]

1. e4 e5 2. Nf3 Nc6 3. Bb5 Nge7 4. Nc3 a6 5. Ba4 g6 6. d3 Bg7 7. Ne2 O-O 8. Be3
d6 9. h3 Bd7 10. c3 Qc8 11. Qd2 f5 12. exf5 Nxf5 13. Bc2 Be6 14. Ng5 Nxe3 15.
Qxe3 Bh6 16. Qg3 Bxg5 17. Qxg5 Kg7 18. h4 h6 19. Qg3 Rf6 20. Qe3 Qf8 21. f3 Re8
22. Ng3 d5 23. O-O-O d4 24. Qd2 Bxa2 25. b3 Qa3# 0-1

[Event "XXVII Open Eporediese"]
[Site "Ivrea ITA"]
[Date "2010.02.25"]
[Round "6"]
[White "Bellafiore, Enzo"]
[Black "Ranieri, Fabrizio"]
[Result "0-1"]
[WhiteElo "1827"]
[BlackElo "2285"]
[PlyCount "89"]
[EventDate "2010.01.21"]

1. d4 d5 2. c4 e6 3. Nc3 c6 4. Bf4 Nf6 5. cxd5 exd5 6. Qc2 Be7 7. e3 O-O 8. Bd3
Nbd7 9. Nge2 Re8 10. O-O Nf8 11. h3 Be6 12. Rac1 Qd7 13. Ng3 Ng6 14. Nce2 Rac8
15. Nf5 Bf8 16. Bg5 Ne4 17. Bxe4 dxe4 18. Nfg3 Bd5 19. a3 Bd6 20. Nh5 Qf5 21.
Bf4 Bf8 22. Nhg3 Qf6 23. Rfd1 Qe6 24. Re1 f5 25. Nf1 Bb3 26. Qb1 Nxf4 27. Nxf4
Qf6 28. Nd2 Bf7 29. b4 Bd6 30. Ne2 Bd5 31. Nc3 Bf7 32. Ne2 Qh4 33. Nc4 Bb8 34.
Nd2 Re6 35. Nf1 h5 36. Nfg3 Qf6 37. Rc5 h4 38. Nf1 Bd6 39. Rc2 Qg5 40. Nh2 Rg6
41. g3 hxg3 42. Nxg3 Bxg3 43. fxg3 Qxg3+ 44. Kh1 Qxh3 45. Qd1 0-1

[Event "XXVII Open Eporediese"]
[Site "Ivrea ITA"]
[Date "2010.02.25"]
[Round "6"]
[White "Bogatto, Mario"]
[Black "Giunto, Andrea"]
[Result "0-1"]
[WhiteElo "1451"]
[BlackElo "1934"]
[PlyCount "67"]
[EventDate "2010.01.21"]

1. d4 Nf6 2. Nf3 g6 3. c4 Bg7 4. Nc3 d6 5. e3 O-O 6. Be2 Nc6 7. O-O e5 8. d5
Ne7 9. e4 Nd7 10. Be3 f5 11. exf5 gxf5 12. Ng5 Nf6 13. f4 e4 14. Bd4 c5 15.
dxc6 bxc6 16. Qe1 h6 17. Nh3 Be6 18. b3 Kh7 19. Qh4 Ng6 20. Qf2 c5 21. Be3 Ng4
22. Bxg4 Bxc3 23. Rac1 fxg4 24. Rxc3 gxh3 25. g3 Bg4 26. Qd2 Qf6 27. Rf2 Rad8
28. Rc1 Bf3 29. f5 Ne5 30. Rcf1 Ng4 31. Rxf3 exf3 32. Rxf3 Nxe3 33. Qxe3 Rfe8
34. Qd2 0-1

[Event "XXVII Open Eporediese"]
[Site "Ivrea ITA"]
[Date "2010.02.25"]
[Round "6"]
[White "Caresana, Alessandro"]
[Black "Papalini, Claudio"]
[Result "1-0"]
[WhiteElo "1994"]
[BlackElo "1559"]
[PlyCount "47"]
[EventDate "2010.01.21"]

1. d4 e6 2. c4 d5 3. Nc3 a6 4. Nf3 dxc4 5. Bf4 Bd6 6. Bg5 Ne7 7. e4 b5 8. a3 c6
9. e5 Bc7 10. g3 h6 11. Bxe7 Qxe7 12. Bg2 Bb7 13. O-O O-O 14. Ne4 Nd7 15. Nh4
Rab8 16. f4 c5 17. f5 exf5 18. Nxf5 Qe8 19. Qg4 g6 20. Nxh6+ Kg7 21. Nf5+ Kg8
22. Ned6 Bxd6 23. Nxd6 Qe7 24. Nxb7 1-0

[Event "XXVII Open Eporediese"]
[Site "Ivrea ITA"]
[Date "2010.02.25"]
[Round "6"]
[White "Chiarotto, Filippo"]
[Black "Trotto, Pierangelo"]
[Result "1-0"]
[WhiteElo "2073"]
[BlackElo "1904"]
[PlyCount "53"]
[EventDate "2010.01.21"]

1. e4 c5 2. Nf3 d6 3. d4 cxd4 4. Nxd4 Nf6 5. Nc3 a6 6. f3 e6 7. Be3 Qc7 8. Qd2
Be7 9. g4 Nc6 10. h4 b5 11. h5 Ne5 12. g5 Nfd7 13. f4 Nc4 14. Bxc4 Qxc4 15. Rg1
Bb7 16. g6 hxg6 17. hxg6 b4 18. gxf7+ Kxf7 19. Qg2 Bf6 20. Qg6+ Ke7 21. Nce2
Rh2 22. b3 Rxe2+ 23. Nxe2 Qxc2 24. Rc1 Qxe4 25. Qxe4 Bxe4 26. Rc4 Rh8 27. Rxe4
1-0

[Event "XXVII Open Eporediese"]
[Site "Ivrea ITA"]
[Date "2010.02.25"]
[Round "6"]
[White "Giachino, Adriano"]
[Black "Renzini, Lorenzo"]
[Result "1-0"]
[WhiteElo "1686"]
[BlackElo "1746"]
[PlyCount "51"]
[EventDate "2010.01.21"]

1. e4 c5 2. Nf3 d6 3. d4 cxd4 4. Nxd4 Nf6 5. Nc3 a6 6. Be3 Qc7 7. Be2 g6 8. f3
Bg7 9. Qd2 Nc6 10. a3 Ne5 11. Bh6 O-O 12. Bxg7 Kxg7 13. h4 Nc4 14. Bxc4 Qxc4
15. O-O-O h5 16. g4 hxg4 17. h5 Nxh5 18. fxg4 Bxg4 19. Rdg1 Qc8 20. Nd5 Rh8 21.
Nxe7 Qd7 22. Qg5 Nf6 23. Nef5+ Bxf5 24. Nxf5+ Kg8 25. Rxh8+ Kxh8 26. Qxf6+ 1-0

[Event "XXVII Open Eporediese"]
[Site "Ivrea ITA"]
[Date "2010.02.25"]
[Round "6"]
[White "Paonessa, Denis"]
[Black "Allegro, Mattia"]
[Result "0-1"]
[WhiteElo "1908"]
[BlackElo "1879"]
[PlyCount "81"]
[EventDate "2010.01.21"]

1. d4 Nf6 2. Bg5 e6 3. c4 h6 4. Bxf6 Qxf6 5. Nf3 Bb4+ 6. Nc3 c5 7. e3 Nc6 8.
Rc1 d5 9. cxd5 cxd4 10. exd4 exd5 11. Be2 O-O 12. O-O Be6 13. a3 Ba5 14. Qa4
Bb6 15. Rfd1 a6 16. Qb3 Bxd4 17. Qxb7 Bxc3 18. Rxc3 Ne7 19. Nd4 Rfb8 20. Qc7
Rxb2 21. Rf3 Rc8 22. Qd6 Nf5 23. Qxa6 Nxd4 24. Rxf6 Nxe2+ 25. Kf1 gxf6 26. a4
d4 27. a5 d3 28. Qd6 Rcc2 29. Qxd3 Bc4 30. Qd8+ Kg7 31. Qd7 Nc3+ 32. Kg1 Nxd1
33. Qg4+ Kf8 34. Qc8+ Ke7 35. Qc7+ Ke6 36. Qc6+ Ke5 37. Qc7+ Kf5 38. Qd7+ Be6
39. Qd3+ Ke5 40. f4+ Kxf4 41. Qg3+ 0-1

[Event "XXVII Open Eporediese"]
[Site "Ivrea ITA"]
[Date "2010.02.25"]
[Round "6"]
[White "Rocchi, Enrico"]
[Black "Bruno, Fabrizio P."]
[Result "1/2-1/2"]
[WhiteElo "1763"]
[BlackElo "1965"]
[PlyCount "44"]
[EventDate "2010.01.21"]

1. e4 d6 2. d4 Nf6 3. Nc3 g6 4. f4 Bg7 5. Nf3 O-O 6. Be2 Na6 7. O-O c5 8. Bxa6
bxa6 9. dxc5 Bb7 10. cxd6 Nxe4 11. Nxe4 Bxe4 12. Qe2 Bxf3 13. Qxf3 Qxd6 14. c3
Rab8 15. Rd1 Qb6+ 16. Qf2 Qxf2+ 17. Kxf2 Rb7 18. Rd3 Rc8 19. Rb1 Bxc3 20. b3
Ba5 21. Bd2 Rc2 22. Ke1 Rxa2 1/2-1/2

[Event "C.to Provinciale CO"]
[Site "Villa Guardia ITA"]
[Date "2010.01.23"]
[Round "1"]
[White "Bernasconi, Roberto"]
[Black "Ghelfi, Giancarlo"]
[Result "1-0"]
[WhiteElo "1932"]
[BlackElo "1690"]
[PlyCount "33"]
[EventDate "2010.01.23"]

1. e4 c5 2. Nf3 d6 3. d4 cxd4 4. Nxd4 Nf6 5. Nc3 a6 6. Bg5 e6 7. f4 Be7 8. Qf3
Qc7 9. O-O-O Nbd7 10. g4 h6 11. Bxf6 Bxf6 12. h4 e5 13. Nf5 O-O 14. g5 g6 15.
gxf6 Nxf6 16. Ne3 Qe7 17. Ned5 1-0

[Event "C.to Provinciale CO"]
[Site "Villa Guardia ITA"]
[Date "2010.01.23"]
[Round "1"]
[White "Cordone, Giuseppe"]
[Black "Gonella, Daniele"]
[Result "0-1"]
[WhiteElo "1524"]
[BlackElo "1879"]
[PlyCount "189"]
[EventDate "2010.01.23"]

1. e4 e5 2. Nf3 Nc6 3. d4 exd4 4. Nxd4 Nf6 5. Nc3 Bb4 6. Nxc6 bxc6 7. Bd3 d5 8.
O-O Bxc3 9. bxc3 dxe4 10. Re1 O-O 11. Bf1 Qxd1 12. Rxd1 Be6 13. Bf4 Nd5 14. Be5
Rfe8 15. Re1 Bf5 16. Bd4 Nb6 17. a4 a5 18. c4 Red8 19. c3 Rab8 20. Be5 Rd7 21.
h3 f6 22. Bf4 Bg6 23. Be2 Bf7 24. Rab1 Re8 25. Bxc7 Nxa4 26. Bxa5 Ra8 27. Bd1
Bxc4 28. Bxa4 Rxa5 29. Rb8+ Kf7 30. Bxc6 Rc7 31. Be8+ Ke7 32. Rxe4+ Be6 33. f4
f5 34. Re3 Rac5 35. Rb3 Rc4 36. Bh5 Rxf4 37. Bf3 Kf7 38. Rb6 Bc8 39. Bd5+ Kf8
40. Rb8 g6 41. Be6 Rfc4 42. Bxc4 Rxc4 43. Rb4 Rc7 44. Rd4 Kf7 45. c4 Be6 46.
Rc3 Rc5 47. Kf2 Kf6 48. Kg3 g5 49. Kf2 Ke5 50. Rd8 Bxc4 51. Re3+ Kf6 52. Rd6+
Kf7 53. Rd7+ Kg6 54. Rd6+ Kf7 55. Rb6 Bd5 56. Ra3 Rc7 57. Ra5 Be4 58. g4 fxg4
59. hxg4 Bg6 60. Rxg5 Rc3 61. Re5 Rd3 62. g5 Rd7 63. Rc5 Kg7 64. Rc8 Rd5 65.
Rc7+ Kf8 66. Rf6+ Kg8 67. Rb6 Rf5+ 68. Ke3 Bf7 69. Rbb7 Kg7 70. Re7 Kg6 71. Kd4
Rf1 72. Kc3 Rf4 73. Kd2 Rf3 74. Re5 Kh5 75. Rb6 Bg6 76. Rb4 Rf7 77. Ke3 Bf5 78.
Rb2 Kxg5 79. Rg2+ Kf6 80. Rc5 Re7+ 81. Kd2 Rd7+ 82. Kc1 Rf7 83. Rf2 Kg6 84.
Rc6+ Kg5 85. Rg2+ Bg4 86. Rc5+ Kh4 87. Rc4 h5 88. Kd2 Rf3 89. Ke1 Kh3 90. Rf2
Rd3 91. Rd2 Rg3 92. Rf4 h4 93. Rff2 Re3+ 94. Kf1 Bf3 95. Kg1 0-1

[Event "C.to Provinciale CO"]
[Site "Villa Guardia ITA"]
[Date "2010.01.23"]
[Round "1"]
[White "Falchi, Claudio"]
[Black "Guzzetti, Luigi Enrico"]
[Result "0-1"]
[WhiteElo "1623"]
[BlackElo "1887"]
[PlyCount "118"]
[EventDate "2010.01.23"]

1. e4 c5 2. Nc3 e6 3. g3 Nc6 4. Bg2 Nf6 5. d3 Be7 6. f4 d6 7. Nf3 a6 8. a4 Qc7
9. O-O Bd7 10. h3 Rb8 11. b3 b5 12. axb5 axb5 13. Bb2 O-O 14. Qd2 c4 15. Ne2
Rfd8 16. g4 d5 17. e5 Ne8 18. d4 g6 19. g5 b4 20. Bc1 Na5 21. Qd1 Bb5 22. Rf2
cxb3 23. cxb3 Bxe2 24. Rxe2 Qb6 25. Bf1 Ng7 26. h4 Nh5 27. Bh3 Nc6 28. Bg4 Ng3
29. Rh2 Bf8 30. h5 Ne7 31. hxg6 hxg6 32. Be3 Nef5 33. Bxf5 Nxf5 34. Bf2 Ra8 35.
Kg2 Rxa1 36. Qxa1 Rc8 37. Qb2 Rc3 38. Rh1 Qc7 39. Ne1 Qa5 40. Rh3 Rc6 41. Rd3
Qa3 42. Rd2 Rc3 43. Qxa3 bxa3 44. Ra2 Rxb3 45. Nc2 Rb2 46. Rxa3 Rxc2 47. Ra8
Nxd4 48. Kf1 Nf5 49. Be1 Kg7 50. Ra4 Rc4 51. Rxc4 dxc4 52. Bc3 Ne3+ 53. Ke2 Nd5
54. Bd2 c3 55. Bc1 Bc5 56. Kd3 Kf8 57. Kc4 Be3 58. Bxe3 Nxe3+ 59. Kxc3 Nd5+ 0-1

[Event "C.to Provinciale CO"]
[Site "Villa Guardia ITA"]
[Date "2010.01.23"]
[Round "1"]
[White "Gagliardi, Christian"]
[Black "Ronconi, Fausto"]
[Result "1-0"]
[WhiteElo "2222"]
[BlackElo "1780"]
[PlyCount "65"]
[EventDate "2010.01.23"]

1. e4 e6 2. d4 d5 3. Nc3 dxe4 4. Nxe4 Nd7 5. Nf3 Ngf6 6. Bd3 Nxe4 7. Bxe4 Nf6
8. Bd3 Bd6 9. O-O O-O 10. Bg5 c5 11. dxc5 Bxc5 12. Qe2 Be7 13. Rad1 Nd5 14.
Bxe7 Qxe7 15. Bxh7+ Kxh7 16. Rxd5 Qf6 17. Rd4 b6 18. Qe4+ Kg8 19. Qxa8 Ba6 20.
Qe4 Bxf1 21. Kxf1 Qh6 22. Rd1 Qh5 23. c3 Qb5+ 24. Qe2 Qa5 25. a3 Qf5 26. Kg1
Rc8 27. g3 Qf6 28. Kg2 Rc5 29. h4 Rh5 30. Ng5 g6 31. Rd7 Qf5 32. Rxf7 Qd5+ 33.
Rf3 1-0

[Event "C.to Provinciale CO"]
[Site "Villa Guardia ITA"]
[Date "2010.01.23"]
[Round "1"]
[White "Gonella, Graziano"]
[Black "Lancianese, Giuseppe"]
[Result "0-1"]
[WhiteElo "1332"]
[BlackElo "1780"]
[PlyCount "66"]
[EventDate "2010.01.23"]

1. e4 d5 2. d3 dxe4 3. d4 Nf6 4. Bg5 Qd5 5. Bxf6 exf6 6. Nc3 Bb4 7. Nge2 O-O 8.
a3 Bxc3+ 9. Nxc3 Qa5 10. Be2 f5 11. b4 Qb6 12. Na4 Qg6 13. Rg1 f4 14. f3 Re8
15. fxe4 Qxe4 16. Qd3 Qxd3 17. cxd3 Bg4 18. Ra2 Nc6 19. h3 Bh5 20. g4 fxg3 21.
Rxg3 Nxd4 22. Rg2 Re3 23. Rh2 Rae8 24. Nc3 Nf3+ 25. Kf2 Nxh2 26. Bxh5 Rxh3 27.
Be2 f5 28. Nb5 Ng4+ 29. Kg2 Rh2+ 30. Kf3 Re3+ 31. Kf4 Rf2+ 32. Kg5 h6+ 33. Kg6
Ne5+ 0-1

[Event "C.to Provinciale CO"]
[Site "Villa Guardia ITA"]
[Date "2010.01.23"]
[Round "1"]
[White "Grassetto, Gilberto"]
[Black "Lipari, Alberto"]
[Result "1-0"]
[WhiteElo "1882"]
[BlackElo "1609"]
[PlyCount "105"]
[EventDate "2010.01.23"]

1. d4 d5 2. Nf3 Nc6 3. a3 Bg4 4. e3 e6 5. c4 Nf6 6. Nbd2 h6 7. b4 b6 8. Bb2 Be7
9. cxd5 exd5 10. Bb5 Qd6 11. Ne5 Bd7 12. Nxd7 Nxd7 13. Rc1 Ncb8 14. O-O a6 15.
Bd3 b5 16. e4 dxe4 17. Nxe4 Qb6 18. Re1 O-O 19. Bb1 f5 20. Nc5 Bg5 21. Qb3+ Kh8
22. Rcd1 Nxc5 23. dxc5 Qg6 24. Qf3 Nc6 25. Rd7 Rfe8 26. Red1 Re7 27. Bxf5 Qe8
28. g4 Ne5 29. Bxe5 Rxe5 30. Rxc7 Rd8 31. Rxd8 Bxd8 32. Rd7 Re1+ 33. Kg2 Bh4
34. Qc3 Bf6 35. Qd3 Qa8+ 36. Qd5 Qxd5+ 37. Rxd5 Ra1 38. c6 Rc1 39. Bd7 Kh7 40.
Rd3 Be5 41. h3 Kg6 42. Bf5+ Kf6 43. Be4 g6 44. Rd7 Rc3 45. Ra7 Bd4 46. Rxa6 Ke5
47. Bxg6 Rc4 48. Bd3 Rc3 49. Bxb5 Rc2 50. Kf1 Bxf2 51. Bd3 Rd2 52. c7 Bg3 53.
c8=Q 1-0

[Event "C.to Provinciale CO"]
[Site "Villa Guardia ITA"]
[Date "2010.01.23"]
[Round "1"]
[White "Larghi, Riccardo"]
[Black "Petetta, Roberto"]
[Result "1-0"]
[WhiteElo "1901"]
[BlackElo "1649"]
[PlyCount "57"]
[EventDate "2010.01.23"]

1. Nf3 d5 2. g3 b6 3. Bg2 Bb7 4. d4 e6 5. O-O c5 6. e3 Nf6 7. b3 Nbd7 8. Bb2
Be7 9. Nbd2 O-O 10. Qe2 Rc8 11. Rac1 Rc7 12. c4 Qa8 13. Ne5 Rfc8 14. f4 dxc4
15. Bxb7 Qxb7 16. bxc4 Ne4 17. d5 exd5 18. Nxe4 dxe4 19. Qh5 Nxe5 20. fxe5 Rf8
21. Rf4 Rd7 22. Rcf1 Bd8 23. Qg4 Rd2 24. Ba1 Rxa2 25. e6 f6 26. Bxf6 Bxf6 27.
Rxf6 Rxf6 28. Rxf6 Qe7 29. Rf7 1-0

[Event "C.to Provinciale CO"]
[Site "Villa Guardia ITA"]
[Date "2010.01.23"]
[Round "1"]
[White "Mason, Giovanni"]
[Black "Minelli, Marco"]
[Result "1-0"]
[WhiteElo "1781"]
[BlackElo "1392"]
[PlyCount "171"]
[EventDate "2010.01.23"]

1. e4 d6 2. d4 g6 3. Bc4 Bg7 4. Be3 Nd7 5. c3 c5 6. Nf3 Qc7 7. Qb3 e6 8. d5 e5
9. O-O Ngf6 10. Nbd2 O-O 11. h3 a6 12. Be2 Re8 13. Qc2 b5 14. Rac1 c4 15. a4
Nc5 16. Bxc5 Qxc5 17. Ra1 Bd7 18. b4 Qc8 19. a5 Nh5 20. Nh2 Nf4 21. Bg4 f5 22.
Bf3 Rf8 23. Rfe1 Qd8 24. Ndf1 Qg5 25. Ng3 Nd3 26. Re2 f4 27. Qd2 Qh4 28. Ngf1
Qe7 29. Bg4 Rad8 30. Bxd7 Rxd7 31. f3 Bf6 32. Ng4 Kg7 33. Nf2 Nxf2 34. Rxf2 Bh4
35. Re2 h5 36. Qa2 Kh7 37. Kh1 Qd8 38. Nd2 Qc7 39. Rg1 Rg7 40. Nf1 Bd8 41. Qb1
Qd7 42. Kh2 g5 43. g3 fxg3+ 44. Nxg3 Rxf3 45. Nf5 Rg8 46. Rg3 Rxg3 47. Kxg3 g4
48. h4 Bf6 49. Qc1 Rg6 50. Qf1 Qd8 51. Rh2 Rg8 52. Qf2 Qe8 53. Qe3 Rg6 54. Qf2
Bg7 55. Rh1 Bh6 56. Nxh6 Kxh6 57. Rf1 Qd8 58. Qe3+ Kh7 59. Rf5 Rh6 60. Qa7+ Kg8
61. Qf7+ Kh8 62. Rxh5 Rxh5 63. Qxh5+ Kg7 64. Qxg4+ Kh6 65. Qe6+ Kh5 66. Qf5+
Kh6 67. Kg4 Qg8+ 68. Qg5+ Kh7 69. Qxg8+ Kxg8 70. Kf5 Kf7 71. h5 Kg7 72. Ke6 Kh6
73. Kxd6 Kxh5 74. Kxe5 Kg6 75. Ke6 Kg7 76. e5 Kf8 77. Kd7 Kf7 78. e6+ Kf6 79.
e7 Ke5 80. d6 Kd5 81. Kc7 Ke6 82. e8=Q+ Kd5 83. Qc6+ Ke5 84. d7 Kf5 85. d8=Q
Ke5 86. Qf3 1-0

[Event "C.to Provinciale CO"]
[Site "Villa Guardia ITA"]
[Date "2010.01.23"]
[Round "1"]
[White "Napoli, Ferdinando"]
[Black "Buonocore, Elio"]
[Result "0-1"]
[WhiteElo "1742"]
[BlackElo "2187"]
[PlyCount "74"]
[EventDate "2010.01.23"]

1. e4 c5 2. Nf3 Nc6 3. d4 cxd4 4. Nxd4 Nf6 5. Nc3 e5 6. Ndb5 d6 7. Bg5 a6 8.
Na3 b5 9. Nd5 Be7 10. Bxf6 Bxf6 11. c3 Bg5 12. Nc2 O-O 13. a4 bxa4 14. Rxa4 a5
15. Bc4 Rb8 16. b3 g6 17. Nce3 Kh8 18. O-O Bh6 19. Qe2 Bd7 20. Ra2 f5 21. f3
fxe4 22. fxe4 Qh4 23. Rxf8+ Rxf8 24. Bd3 Rb8 25. g3 Qg5 26. Bc4 Bh3 27. Bb5 Ne7
28. Ra1 Nxd5 29. Nxd5 Rc8 30. Qe1 Qd2 31. Qxd2 Bxd2 32. Rxa5 Bxc3 33. Nxc3 Rxc3
34. Bc4 Rc2 35. Bd5 Rg2+ 36. Kh1 Re2 37. Ra4 Re1# 0-1

[Event "C.to Provinciale CO"]
[Site "Villa Guardia ITA"]
[Date "2010.01.23"]
[Round "1"]
[White "Primerano, Carlo"]
[Black "Coppola, Guido"]
[Result "1/2-1/2"]
[WhiteElo "1734"]
[BlackElo "1981"]
[PlyCount "93"]
[EventDate "2010.01.23"]

1. d4 d5 2. c4 e6 3. Nc3 Nf6 4. cxd5 exd5 5. Bg5 Be7 6. Qc2 O-O 7. e3 Nbd7 8.
Bd3 h6 9. Bh4 c6 10. Nf3 Re8 11. O-O Ne4 12. Bxe7 Qxe7 13. Rab1 a5 14. a3 Ng5
15. Nxg5 Qxg5 16. b4 axb4 17. axb4 Nf8 18. Rfc1 f5 19. g3 b5 20. Ne2 Bd7 21.
Nf4 Qf6 22. Qb3 Ra4 23. Ra1 g5 24. Ne2 Raa8 25. Rxa8 Rxa8 26. Bxb5 Rb8 27. Bd3
Ne6 28. Qa3 Nc7 29. Qa7 Qd8 30. Qc5 Kf7 31. Rb1 Kf6 32. Qd6+ Kg7 33. Qe5+ Kg6
34. g4 Ne8 35. gxf5+ Kf7 36. Qh8 Qf6 37. Qxf6+ Kxf6 38. Ng3 Nd6 39. e4 dxe4 40.
Nxe4+ Nxe4 41. Bxe4 Bxf5 42. f3 g4 43. Kf2 gxf3 44. Kxf3 Bxe4+ 45. Kxe4 Ke6 46.
Rc1 Kd6 47. Rb1 1/2-1/2

[Event "C.to Provinciale CO"]
[Site "Villa Guardia ITA"]
[Date "2010.01.23"]
[Round "1"]
[White "Raineri, Pieroberto"]
[Black "Pede, Lucio"]
[Result "1-0"]
[WhiteElo "1677"]
[BlackElo "1904"]
[PlyCount "91"]
[EventDate "2010.01.23"]

1. d4 d5 2. c4 c6 3. Nf3 Bd7 4. cxd5 cxd5 5. Nc3 e6 6. e3 Nf6 7. Bd3 Nc6 8. O-O
Rc8 9. Re1 Bb4 10. Bd2 Bxc3 11. Bxc3 Ne4 12. Rc1 O-O 13. Qb3 Rc7 14. Bb4 Nxb4
15. Qxb4 Qc8 16. Rxc7 Qxc7 17. Ne5 Rc8 18. Re2 a5 19. Qe1 Qd8 20. f3 Nd6 21.
Nxd7 Qxd7 22. Qxa5 Rc1+ 23. Re1 Rc7 24. Qd2 Qc8 25. h3 g6 26. b3 Rc3 27. e4
dxe4 28. fxe4 Rc7 29. e5 Ne8 30. Bc4 Ng7 31. a4 Nf5 32. d5 exd5 33. Qxd5 Rd7
34. Qf3 Rd2 35. e6 Qc5+ 36. Kh1 Rf2 37. exf7+ Kg7 38. Qc3+ Kh6 39. b4 Qd6 40.
Qe5 Qxe5 41. Rxe5 Nd6 42. Bd5 Nxf7 43. Re7 Nd6 44. Bxb7 Nxb7 45. Rxb7 Kg5 46.
g3 1-0